The Bangladesh law chronicles : (Record no. 30964)
[ view plain ]
| 000 -LEADER | |
|---|---|
| fixed length control field | 00825nam a2200265 a 4500 |
| 001 - CONTROL NUMBER | |
| control field | BD-DhNSU-30964 |
| 003 - CONTROL NUMBER IDENTIFIER | |
| control field | BD-DhNSU |
| 005 - DATE AND TIME OF LATEST TRANSACTION | |
| control field | 20260422112638.0 |
| 008 - FIXED-LENGTH DATA ELEMENTS--GENERAL INFORMATION | |
| fixed length control field | 260422s2025 bg ||||g vw|| 000 0|eng|d |
| 040 ## - CATALOGING SOURCE | |
| Original cataloging agency | BD-DhNSU |
| Transcribing agency | BD-DhNSU |
| 041 ## - LANGUAGE CODE | |
| Language code of text | eng |
| 050 00 - LIBRARY OF CONGRESS CALL NUMBER | |
| Classification number | KNG19 |
| Item number | .A2B36 2025 |
| 245 04 - TITLE STATEMENT | |
| Title | The Bangladesh law chronicles : |
| Remainder of title | (a monthly law journal) , |
| Number of part/section of a work | Vol. 30 / |
| Statement of responsibility, etc. | edited by Faria Huq. |
| 246 0# - VARYING FORM OF TITLE | |
| Title proper/short title | B.L.C. |
| Remainder of title | Volume XXX |
| 260 ## - PUBLICATION, DISTRIBUTION, ETC. | |
| Place of publication, distribution, etc. | Dhaka : |
| Name of publisher, distributor, etc. | Bangladesh Law Chronicles, |
| Date of publication, distribution, etc. | 2025. |
| 300 ## - PHYSICAL DESCRIPTION | |
| Extent | vp. ; |
| Dimensions | 25 cm. |
| 500 ## - GENERAL NOTE | |
| General note | Regd DA- 1722 |
| 504 ## - BIBLIOGRAPHY, ETC. NOTE | |
| Bibliography, etc. note | Cit. 30 BLC (AD); 30 BLC etc. |
| 526 0# - STUDY PROGRAM INFORMATION NOTE | |
| Program name | Law |
| 590 ## - LOCAL NOTE (RLIN) | |
| Documentalist | Sumaiya Kainat Bintey Kohinoor |
| 650 #0 - SUBJECT ADDED ENTRY--TOPICAL TERM | |
| Topical term or geographic name entry element | Law reports, digests, etc. |
| Geographic subdivision | Bangladesh. |
| 650 #0 - SUBJECT ADDED ENTRY--TOPICAL TERM | |
| Topical term or geographic name entry element | Law reports, digests, etc. |
| Geographic subdivision | India |
| -- | Bengal. |
| 700 1# - ADDED ENTRY--PERSONAL NAME | |
| Personal name | Huq, Faria |
| Relator term | editor |
| 942 ## - ADDED ENTRY ELEMENTS (KOHA) | |
| Source of classification or shelving scheme | lcc |
| Koha item type | BK |
| 999 ## - SYSTEM CONTROL NUMBERS (KOHA) | |
| -- | 30964 |
| -- | 30964 |
| Withdrawn status | Lost status | Source of classification or shelving scheme | Damaged status | Not for loan | Collection Code | Permanent Location | Current Location | Shelving location | Date acquired | Source of acquisition (Supplier) | Currency | Price | Serial Enumeration / chronology | Bill Code | Total Checkouts | Call Number | Barcode (Accession #) | Date last seen | Copy number | Bill Date | Item type |
|---|---|---|---|---|---|---|---|---|---|---|---|---|---|---|---|---|---|---|---|---|---|
| lcc | Not For Loan | Reference | Law Conference Room | Law Conference Room | General Stacks | 2026-04-08 | Karim International | ৳ (BDT) | 1435.00 | vol-30 | KI/NSU/L-77/25-26 | KNG19.A2B36 2025 | 49317 | 2026-04-22 | 1 | 2026-03-09 | Books |
North South University Library OPAC